Der Weg ist das Ziel: Gandhi und die Alternativbewegung
| Main Author: | |
|---|---|
| Format: | Print Book |
| Language: | German |
| Subito Delivery Service: | Order now. |
| Check availability: | HBZ Gateway |
| WorldCat: | WorldCat |
| Interlibrary Loan: | Interlibrary Loan for the Fachinformationsdienste (Specialized Information Services in Germany) |
| Published: |
Wuppertal/Lünen
Hammer
1987
|
| In: |
Peter-Hammer-Taschenbuch (44)
Year: 1987 |
| Series/Journal: | Peter-Hammer-Taschenbuch
44 |
| Standardized Subjects / Keyword chains: | B
Gandhi, Mohandas Karamchand 1869-1948
/ Satyaḡraha
/ Europe
/ Alternative movement
/ History
|
| Further subjects: | B
Peace research
B Soziales Verhalten B Konflikt, sozialer B social defence / non-violent action B Gandhi,Mohandas K B Soziale Verteidigung / Gewaltlose Aktion B Non-violence B India |
MARC
| LEADER | 00000cam a2200000 c 4500 | ||
|---|---|---|---|
| 001 | 025770047 | ||
| 003 | DE-627 | ||
| 005 | 20251105170354.0 | ||
| 007 | tu | ||
| 008 | 880323s1987 gw ||||| 00| ||ger c | ||
| 015 | |a 87,N48,0930 |2 dnb | ||
| 015 | |a 87,N48,0930 |2 dnb | ||
| 016 | 7 | |a 871393255 |2 DE-101 | |
| 020 | |a 3872943464 |c kart. DM 18,80 |9 3-87294-346-4 | ||
| 035 | |a (DE-627)025770047 | ||
| 035 | |a (DE-576)013535536 | ||
| 035 | |a (DE-599)GBV025770047 | ||
| 035 | |a (OCoLC)74871397 | ||
| 035 | |a (OCoLC)74871397 | ||
| 035 | |a (OCoLC)74871397 | ||
| 035 | |a (DE-H357)his13939 | ||
| 040 | |a DE-627 |b ger |c DE-627 |e rakwb | ||
| 041 | |a ger | ||
| 044 | |c XA-DE | ||
| 084 | |a GESCH 842 GAN 8 (51) |2 sfb | ||
| 084 | |a POL 655 |2 sfb | ||
| 084 | |a POL 80 (60) |2 sfb | ||
| 084 | |a 16 |a 63 |a 13 |a 10 |2 sdnb | ||
| 084 | |a 6,24 |a 0 |2 ssgn | ||
| 084 | |a BL 9960 |2 rvk |0 (DE-625)rvk/12408: | ||
| 084 | |a 15.77 |2 bkl | ||
| 084 | |a 89.76 |2 bkl | ||
| 100 | 1 | |0 (DE-588)118537415 |0 (DE-627)079337309 |0 (DE-576)161054242 |4 aut |a Galtung, Johan |d 1930-2024 | |
| 109 | |a Galtung, Johan 1930-2024 |a Galtung, John 1930-2024 |a Galtung, Johan Vinvent 1930-2024 |a Galtung, Johan Vincent 1930-2024 |a Galtung, J. 1930-2024 |a Galtung Johan Vincent 1930-2024 | ||
| 245 | 1 | 4 | |a Der Weg ist das Ziel |b Gandhi und die Alternativbewegung |c Johan Galtung |
| 264 | 1 | |a Wuppertal/Lünen |b Hammer |c 1987 | |
| 300 | |a 215 S. |b graph. Darst. |c 19 cm | ||
| 336 | |a Text |b txt |2 rdacontent | ||
| 337 | |a ohne Hilfsmittel zu benutzen |b n |2 rdamedia | ||
| 338 | |a Band |b nc |2 rdacarrier | ||
| 490 | 1 | |a Peter-Hammer-Taschenbuch |v 44 | |
| 583 | 1 | |a Archivierung/Langzeitarchivierung gewährleistet |f SLG |x XA-DE-BW |z BfZ |2 pdager |5 DE-24 | |
| 583 | 1 | |a Archivierung/Langzeitarchivierung gewährleistet |f SSG |x XA-DE-BW |2 pdager |5 DE-21 | |
| 583 | 1 | |a Archivierung/Langzeitarchivierung gewährleistet |f SSG |x XA-DE-BW |2 pdager |5 DE-21 | |
| 583 | 1 | |a Archivierung/Langzeitarchivierung gewährleistet |f SSG |x XA-DE-BW |2 pdager |5 DE-16-77 | |
| 650 | 4 | |a Gewaltlose Aktion/Soziale Verteidigung | |
| 650 | 4 | |a Gewaltlosigkeit | |
| 650 | 4 | |a Indien | |
| 650 | 4 | |a Gandhi,Mohandas K | |
| 650 | 4 | |a non-violent action/social defence | |
| 650 | 4 | |a Non-violence | |
| 650 | 4 | |a India | |
| 650 | 4 | |a Friedensforschung | |
| 650 | 4 | |a Soziales Verhalten | |
| 650 | 4 | |a Konflikt, sozialer | |
| 689 | 0 | 0 | |d p |0 (DE-588)118639145 |0 (DE-627)283487607 |0 (DE-576)209184337 |2 gnd |a Gandhi, Mohandas Karamchand |d 1869-1948 |
| 689 | 0 | 1 | |d s |0 (DE-588)4125284-6 |0 (DE-627)104591919 |0 (DE-576)209575298 |2 gnd |a Satjagraha |
| 689 | 0 | 2 | |d g |0 (DE-588)4015701-5 |0 (DE-627)104289007 |0 (DE-576)208913092 |2 gnd |a Europa |
| 689 | 0 | 3 | |d s |0 (DE-588)4068597-4 |0 (DE-627)106105329 |0 (DE-576)209174250 |2 gnd |a Alternativbewegung |
| 689 | 0 | 4 | |q z |2 gnd |a Geschichte |
| 689 | 0 | |5 DE-101 | |
| 830 | 0 | |a Peter-Hammer-Taschenbuch |v 44 |9 44 |w (DE-627)129210625 |w (DE-576)012128562 |w (DE-600)55335-9 |7 am | |
| 889 | |w (DE-627)27232342X | ||
| 935 | |a mteo | ||
| 935 | |i Blocktest | ||
| 936 | r | v | |a BL 9960 |b Spezielle Fragen, Gewaltloser Widerstand, Revolution, Terrorismus |k Theologie und Religionswissenschaften |k Christliche Gesellschaftslehre |k Friedensforschung und Konfliktforschung |k Spezielle Fragen, Gewaltloser Widerstand, Revolution, Terrorismus |0 (DE-627)1270730304 |0 (DE-625)rvk/12408: |0 (DE-576)200730304 |
| 936 | b | k | |a 15.77 |j Indischer Subkontinent |x Geschichte |0 (DE-627)181570661 |
| 936 | b | k | |a 89.76 |j Friedensforschung |j Konfliktforschung |0 (DE-627)106417711 |
| 938 | 1 | 0 | |0 (DE-627)1756204764 |0 (DE-615)6609917 |a Europa |2 fivt |
| 951 | |a BO | ||
| ELC | |b 1 | ||
| ITA | |a 1 |t 1 | ||
| LOK | |0 000 xxxxxcx a22 zn 4500 | ||
| LOK | |0 001 3279967465 | ||
| LOK | |0 003 DE-627 | ||
| LOK | |0 004 025770047 | ||
| LOK | |0 005 20020518000000 | ||
| LOK | |0 008 880519||||||||||||||||ger||||||| | ||
| LOK | |0 040 |a DE-21 |c DE-627 |d DE-21 | ||
| LOK | |0 852 |a DE-21 | ||
| LOK | |0 852 1 |c 28 A 958 |9 00 | ||
| LOK | |0 935 |a sued | ||
| LOK | |0 939 |a 19-05-88 |b l01 | ||
| ORI | |a SA-MARC-ixtheoa001.raw | ||
| REL | |a 1 | ||
| STA | 0 | 0 | |a Alternative movement,Alternative life style,Alternative culture,Europe,Europe,Europe,The West,Occident,Northeastern Europe,History,History,History in art,India,India,India,India,India,India,India,India,Southern India,Northeastern India,Northwestern India,Southeastern India,Northern India,Western India,Non-violence,Nonviolence,Peace research,Satyaḡraha |
| STB | 0 | 0 | |a Europe,Histoire,Histoire,Histoire,Inde,Mouvement alternatif,Modes de vie alternatifs,Non-violence,Recherche sur la paix,Irénologie,Irénologie,Satyagraha |
| STC | 0 | 0 | |a Europa,Historia,Historia,Historia,India,Investigación sobre la paz,Movimiento de cultura alternativa,No violencia,Satyagraha |
| STD | 0 | 0 | |a Europa,India,Movimento alternativo,Nonviolenza,Ricerca scientifica sulla pace,Peace research,Peace research,Satyagraha,Storia,Storia |
| STE | 0 | 0 | |a 印度,历史,史,另类运动,另类型态,另类生活模式,和平与冲突学,真理坚固,非暴力,反暴力 |
| STF | 0 | 0 | |a 印度,另類運動,另類型態,另類生活模式,和平與衝突學,歷史,史,真理堅固,非暴力,反暴力 |
| STG | 0 | 0 | |a Europa,História,História,Movimento de cultura alternativa,Não violência,Pesquisa sobre a paz,Satyagraha,Índia |
| STH | 0 | 0 | |a Альтернативное движение,Европа (мотив),Индия (мотив),Исследование мира,История (мотив),История,Ненасилие,Сатьяграха |
| STI | 0 | 0 | |a Έρευνα με θέμα την ειρήνη,Εναλλακτικό κίνημα,Ευρώπη (μοτίβο),Ινδία (μοτίβο),Ιστορία (μοτίβο),Ιστορία,Μη βία,Σατυαγκράχα,Σατιαγκράχα |
| SUB | |a REL | ||
| SYE | 0 | 0 | |a Gewaltfreiheit,gewaltfreie Aktion,Gewaltfreiheit , India , Bharat,Indische Union,Altindien,Hindustan,Hindostan,Indien,Indie,Indian Union,Bhārata Gaṇarājya,Bhārata,Indien,Republik Indien,Indien,Dominion of India,India,Republic of India,Inde,Indië,Bharata,Indiia,Indland,Hindiston Respublikasi,Satharanarat 'India,Yin-tu , Polemologie,Friedenswissenschaft,Polemologie,Friedenswissenschaft |
| SYG | 0 | 0 | |a Gāndhī, Mohandās Karamcand,1869-1948,Gandhi, Mohandas Karam Cand,1869-1948,Gandhi, Mohandas K.,1869-1948,Gandhi, Mohandas,1869-1948,Gāndhī, Mohanadāsa Karamacanda,1869-1948,Gandhi, Mohamdās Karameand,1869-1948,Gandhi, Mahatma Karamchand,1869-1948,Gandhi, Mahātma,1869-1948,Gandhi, M. K.,1869-1948,Gandhi, M.K.,1869-1948,Ghandhi,1869-1948,Gandhi Mohandās Karamcand, Mahatma,1869-1948,Gandhi,Mahātmā,1869-1948,Gan-dhi,1869-1948,Gandhi,Mahatma,1869-1948,Gandhy,1869-1948,Gāṃdhī, Mohanadāsa Karamacaṃda,1869-1948,Gāṃdhī, Mo. Ka.,1869-1948,Gāṃdhī, Mohanadāsa K.,1869-1948,Gändi, Mxandas Karamčand,1869-1948,Gändi, Mxandas Karamčand,Maxatma,1869-1948,Gandi, Machatma,1869-1948,Gandi, Mahatma,1869-1948,Gandi, Mochandas Karamčand,1869-1948,Gandi, Mochandasa Karamčanda,1869-1948,Gandi, Mokhandas K.,1869-1948,Gandi,1869-1948,Ghāndī, Mūhāndās K.,1869-1948,Ghandhiji,1869-1948,Bāpu,1869-1948,Bapu Gandhi,1869-1948,Kānti, Makātmā,1869-1948,Kan-ti,1869-1948,Machatma Gandi,1869-1948,Mahatma Gandhi,1869-1948,Mahātmā Ġāndī,1869-1948,Mohanadāsa Karamchand Gāndhi,1869-1948,มหาตมา คานธี,1869-1948 , Satyāgraha , Liberté,Europa III,Europe,Europäische Länder,Europäische Staaten , Abendland,Okzident , Alternative Bewegung,Alternatives Leben,Alternativkultur,Alternative Kultur , History,Geschichtliche Epoche,Historical development,Historische Entwicklung,Landesgeschichte,Regionalgeschichte,Ortsgeschichte,Zeitgeschichte |



